<?xml version="1.0" encoding="UTF-8"?><?xml-stylesheet type="text/xsl" href="static/style.xsl"?><OAI-PMH xmlns="http://www.openarchives.org/OAI/2.0/" xmlns:xsi="http://www.w3.org/2001/XMLSchema-instance" xsi:schemaLocation="http://www.openarchives.org/OAI/2.0/ http://www.openarchives.org/OAI/2.0/OAI-PMH.xsd"><responseDate>2026-06-01T04:52:55Z</responseDate><request verb="GetRecord" identifier="oai:riuma.uma.es:10630/7330" metadataPrefix="marc">https://riuma.uma.es/rest/oai/request</request><GetRecord><record><header><identifier>oai:riuma.uma.es:10630/7330</identifier><datestamp>2026-02-03T11:30:52Z</datestamp><setSpec>com_10630_2254</setSpec><setSpec>col_10630_37953</setSpec></header><metadata><record xmlns="http://www.loc.gov/MARC21/slim" xmlns:dcterms="http://purl.org/dc/terms/" xmlns:doc="http://www.lyncode.com/xoai" xmlns:xsi="http://www.w3.org/2001/XMLSchema-instance" xsi:schemaLocation="http://www.loc.gov/MARC21/slim http://www.loc.gov/standards/marcxml/schema/MARC21slim.xsd">
   <leader>00925njm 22002777a 4500</leader>
   <datafield ind2=" " ind1=" " tag="042">
      <subfield code="a">dc</subfield>
   </datafield>
   <datafield ind2=" " ind1=" " tag="720">
      <subfield code="a">Méndiz-Noguero, Alfonso</subfield>
      <subfield code="e">author</subfield>
   </datafield>
   <datafield ind2=" " ind1=" " tag="260">
      <subfield code="c">2014-03-24</subfield>
   </datafield>
   <datafield ind2=" " ind1=" " tag="520">
      <subfield code="a">El rodaje de una película en una ciudad puede otorgar a ésta popularidad, imagen internacional, atracción turística y también beneficios económicos: pernoctaciones, restauración, etc. En sentido inverso, la ciudad puede ofrecer a las productoras algunas compensaciones interesantes: permisos especiales de rodaje, filmación en monumentos públicos, vigilancia y seguridad, ayuda en la financiación, exenciones fiscales, etc. &#xd;
En esta comunicación pretendo estudiar este tipo de acuerdos que benefician a ambas partes y que he bautizado con el nombre de “city placement”, emplazamiento de ciudades (o lugares turísticos) en el cine. Para ello, y partiendo de un caso emblemático y reciente (la incidencia de la serie “Wallander” en el turismo de Ystad), analizaré la bibliografía científica existente y trataré de fijar los principales campos de investigación en la materia. Plantearé también una propuesta metodológica que, desde las Ciencias de la Comunicación, y a partir tanto del guión como de la película, permita analizar y valorar la eficacia de los emplazamientos de ciudades en el cine. &#xd;
Esta metodología se articula en torno a tres puntos: Aspectos visuales y/o verbales (reconocimiento y memoria de la ciudad); Aspecto psicológicos (“imagen mental” y emociones suscitadas por la ciudad); Aspectos narrativos (acciones que acontecen en la ciudad y que son importantes para la historia, para los personajes o para el tema del filme).&#xd;
El estudio de Zindagi Na Milegi Dobara (Sólo se vive una vez, 2011), película hindú rodada en España gracias a un acuerdo con Turespaña, y que ha sido la más taquillera en la India (fue visto por 70 millones de hindúes), servirá para dos cosas: mostrar la eficacia de un “city placement” bien planificado y ratificar la conveniencia de nuestra metodología de análisis.</subfield>
   </datafield>
   <datafield ind1="8" ind2=" " tag="024">
      <subfield code="a">http://hdl.handle.net/10630/7330</subfield>
   </datafield>
   <datafield tag="653" ind2=" " ind1=" ">
      <subfield code="a">Industria cinematográfica</subfield>
   </datafield>
   <datafield tag="653" ind2=" " ind1=" ">
      <subfield code="a">Cine -- Producción y dirección</subfield>
   </datafield>
   <datafield ind2="0" ind1="0" tag="245">
      <subfield code="a">“City placement”: concepto, literatura científica y metodología de análisis. El caso de Zindagi Na Milegi Dobara (Sólo se vive una vez)</subfield>
   </datafield>
</record>
</metadata></record></GetRecord></OAI-PMH>